Apesar do sangue (Registo nº 199437)

Detalhes MARC
000 -Etiqueta do registo
Valores 01616nam 22002173 4500
010 ## - Número ISBN
ISBN 978-989-9254-19-0
021 ## - Número do Depósito Legal
Código do país Portugal
Número 544 090/25
100 ## - Dados gerais de processamento
Dados gerais 20251205d u||y0pory50 ba
200 ## - Titulo e menção de responsabilidade
Título próprio Apesar do sangue
Primeira menção de responsabilidade Rita da Nova
205 ## - Menção da edição
Edição
210 ## - Publicação
Local de publicação Barcarena
Nome do editor Manuscrito
Data de publicação 2025
215 ## - Descrição física 
Paginação / Volumes 246 p.
Outras indicações físicas brochado
Dimensões 23 cm
330 ## - Sumário ou Resumo
Texto da nota «Ninguém sabe o que custa conquistar uma criança que desistiu do mundo até ter de o fazer.»<br/><br/>Glória está a envelhecer. Na tomada de consciência de que o fim pode estar para breve, é no neto que recaem todas as suas preocupações: se ela desaparecer, quem vai cuidar dele? Quem vai tomar conta de Pedro, o rapaz que todos escolheram abandonar?<br/><br/>Rita da Nova está de volta com um romance em que os relatos dos vários protagonistas se entrelaçam para contar uma história repleta de feridas profundas.<br/><br/>Com uma narrativa delicada e carregada de sensibilidade, a autora transporta-nos num enredo não linear em que todas as personagens principais têm direito a fazer-se ouvir: Glória, a avó que aguenta todas as tempestades da família. Helena, a mãe que abandona o filho. Eduardo, o padrasto que já não o é, mas que nunca esqueceu a criança de quem cuidou um dia.<br/><br/>E Pedro, claro, Pedro, o elo que os une: o rapaz que todos rejeitaram, que ninguém soube amar sem prazo e que, em breve, pode precisar desesperadamente de uma nova oportunidade.
606 ## - Nome comum usado como assunto
Palavra de ordem Literatura Portuguesa
ID Autoridade 6
675 ## - CDU
Notação 821.134.3-3
Edição PT
Língua por
700 ## - Autor principal (pessoa individual)
ID Autoridade 15295
Apelido Nova
Nome Rita da
Datas 1991-
801 ## - Fonte de origem
País PT
Agência BMMN
Regras de catalogação RPC
830 ## - Notas gerais do catalogador
Criado por Ana
Indexado por Ana
990 ## - Elementos KOHA
Tipo de documento Livro
Exemplares
Situação do levantamento Biblioteca de origem Código de barras Cota Permissão de empréstimo Tipo de documento Forma de aquisição
  Biblioteca Municipal de Montemor-o-Novo 28287 821.134.3-3 NOV|LG   Livro Compra

Powered by Koha